Quizzes
Events
Quiz Creation
Community
Videos
Private Events
Remove Ads
Sign In
Join for FREE
Feedback
Dark Mode
Quiz Categories
Sports
Geography
Music
Movies
Television
Just For Fun
Miscellaneous
History
Literature
Language
Science
Gaming
Entertainment
Religion
Holiday
For Kids
Quiz Lab
Recent
Popular Today
Quiz Kudos Today
Editor Picks
Curator Picks
Quizzes by...
Day
Popularity
Type
Ratings
Length
Year
Community
Subscriptions
Recent Discussions
Orange Saloon
Badges
Playlists
Quests
Create
Leaderboards
Showdown
Live 5
Trivia Bingo
Activity
Puzzle Library
Sporcle Events
Private Events
Virtual Trivia
Globe League
Become a Host
Pub Owners
SporcleCon
Opinionation
Our Games
Videos
Blog
Mobile Apps
Partnerships
Remove Ads and Go Orange
Feedback
Movies
Disney
Marvel Cinematic Universe
Movie Resume
Movie Titles
Oscar
Actor
Actress
Director
Pixar
Role
Movie Quotes
Movie Characters
Box Office
Nominee
Best Picture
Star Wars
James Bond
Horror Movies
Movies
Disney
Marvel Cinematic Universe
Movie Resume
Movie Titles
Oscar
Actor
Actress
Director
Pixar
Role
Movie Quotes
Movie Characters
Box Office
Nominee
Best Picture
Star Wars
James Bond
Horror Movies
Random Quiz
Search Sporcle
×
Quiz Lab
Quiz Lab
Movies
princess
Type in answers that appear in a list
Type in answers that appear in a list
Classic
Best Score? Go Orange.
Missing word: Princess Bride Primer Stats
Can you name the missing word related to the film 'The Princess Bride'?
By
Mimbleton
3m
26 Questions
1,068 Plays
1,068 Plays
1,068 Plays
Comments
Comments
Give Quiz Kudos
Give Quiz Kudos
-
- Ratings
hide this ad
Replay
Link that replays current quiz
Next Quiz
Link to next quiz in quiz playlist
You Got
0%
They Got
Avg Score
70%
Avg Friend Score
Upgrade to see
Score Distribution
Jump to the score distribution portion of the page
Score
0/26
Timer
03:00
0
Plays Today
Phrase
Missing Word(s)
% Correct
the Dread Pirate
Roberts
96.5%
the Pit of...
Despair
93.1%
Rodents of...
unusual size
91.9%
The last miracle worker in Florin
Max
89%
Was found unemployed in Greenland
Fezzik
83.7%
Princess...
Buttercup
83.4%
You keep using this word
inconceivable
82.8%
Never match wits with a
Sicilian
81.7%
Colorless, odorless, Australian toxin
iocane
81.5%
Anybody want a...
peanut
81%
Max's favorite sandwich
MLT
79.9%
The Man in...
Black
78.3%
The cliffs of...
insanity
75.8%
Phrase
Missing Word(s)
% Correct
Florin's rival
Guilder
75.1%
The Giant's only swimming style
dog paddle
74.5%
What's worth living for
true love
74.1%
you ARE the Brute...
Squad
72.8%
Also means, I love you
As you wish
72.6%
Had six fingers on one hand
Count Rugen
72%
The shrieking...
eels
68.9%
Another hazard of the Fire Swamp
Lightning Sand
64.3%
...a dweam within a dweam
marriage
60.6%
An unlisted asset
wheelbarrow
40.1%
Inigo's father
Domingo
39.4%
...by S.
Morganstern
20.4%
Guarded the gate
30 men
10.8%
Quiz Playlist
Details
Report
Send in Message
Add To Playlist
Classic:
Type in answers that appear in a list
Last Updated: Apr 17, 2017
Quiz Scoreboard
CHALLENGE
Sign Up to Join the Scoreboard
Show All
Scores
Hide
Comments
May contain spoilers
Recently Published
Popular People in 1961
by mucciniale
History
6m
1-10 Letter E Words III
by El_Dandy
Language
2m
One Thing in Common: World Cities II
by knightlancer
Geography
7m
More to Explore
Quiz From the Vault
Featured Blog Post
Where Did the Easter Bunny Come From?
hide this ad
You Might Also Like...
Tags
bride
phrase
Primer
princess
Princess Bride
Related
Today's Top Quizzes in Movies
Browse Movies
hide this ad
Today's Top Quizzes in princess
Browse princess
Top Contributed Quizzes in Movies
1
Multi-Oscar Nominations, One Movie, One Winner
2
12 Movies about Fictional 1960s Events
3
One Thing in Common: Movies
4
Three Word 'T' Movies Match Up
5
Three Word 'H' Movies Match Up
6
Three Word 'M' Movies Match Up
7
Three Word 'L' Movies Match Up
8
Three Word 'R' Movies Match Up
9
Three Word 'S' Movies Match Up
10
Three Word 'U' & 'V' Movies Match Up
Explore More
Trending Topics
Kpop
Anime
Disney
Harry Potter
Crossword
Marvel
NBA
The Office
Country
Pokémon
WWE
Soccer
Puzzle
NFL
Song
hide this ad
More By:
Mimbleton
Quiz
Plays
Rating
Category
Featured
Created
One-Word Movie Mix-and-Match
98,058
4.55
Movies
Apr 18, 2013
What's Your Move?
91,965
4.37
Gaming
Aug 28, 2012
The 'Sweetest' Quiz
82,962
3.84
Miscellaneous
Jul 9, 2012
Clickably Spicy
73,507
3.96
Miscellaneous
Jul 26, 2012
Fictional Races
70,592
4.43
Entertainment
May 15, 2013
Go to Creator's Profile
Score Distribution
Quiz Creator Spotlight
Mimbleton
Follow
Send a Message
Quizzes Created
-
Created Quiz Play Count
-
More By This Creator
Popular Quizzes Today
1
Find the US States - No Outlines Minefield
2
The Countries of the World
3
Popular People in 1961
4
Find the Countries of Europe - No Outlines Minefield
5
1-10 Letter E Words III
6
Find the US States
7
One Thing in Common: World Cities II
8
US States
More Movies Quizzes
50 Movies That End in 'E'
Published
Trending Quizzes
Country Music Stars Doing Things
Get the Picture: Carrie or Dolly
1-10 Letter F Words
1-10 Letter G Words
Risky Map Clicking: Next State Alphabetically
Recently Updated
Leaping Animals
pecheneg
Reality TV Shows (A-Z)
bhenderson79
Rickey Henderson's Hall of Fame Teammates
pecheneg
Champions League XIs: Arsenal
pecheneg
Quick Pick: Celebrities in WWE's Hall of Fame
aduchscher
A-Z Keypad Blitz II
pecheneg
Multiple Oscar Actors
pecheneg
Mystery Phrase Blitz: Oscar 'Best Actors'
pecheneg
F. Scott Fitzgerald Novels
LTH
Pick 3 Villains
ddd62291
Trending Topics
Crossword
Disney
NBA
Marvel
Harry Potter
Kpop
Anime
The Office
WWE
Song
Puzzle
NFL
Pokémon
Soccer
Country
Your Account Isn't Verified!
In order to create a playlist on Sporcle, you need to verify the email address you used during registration. Go to your
Sporcle Settings
to finish the process.
Report this User
Report this user for behavior that violates our
Community Guidelines
.
Details:
Send Report
Go to the Sporcle.com Mobile Site →
Comments